00390nam a2200145Ia 4500008004000000041000800040082001300048100001600061245005900077250000500136260006700141300000800208440000600216650002200222210210b1993 xxu||||| |||| 00| 0 eng d aeng a030 GREA aGreat books aGreat books of western world.60V. V9-Hippocrates Galen a aChicago.bEncyclopaedia Britanica, Inc, William Benton.,c1993 a449 a9 aHippcrates Galen